[Event "Lliga Catalana DH 2023"]
[Site "Barcelona"]
[Date "2023.01.21"]
[Round "1.10"]
[White "Martinez Talavera, Jordi"]
[Black "Lasanta Rica, Cesar"]
[Result "1-0"]
[TimeControl "90'+30\""]
[BlackTitle "FM"]
[WhiteFideId "2283611"]
[BlackFideId "2251620"]
[WhiteElo "1950"]
[BlackElo "2147"]

1. d4 {[%clk 01:30:54]} {[%emt 00:00:05]} d5 {[%clk 01:30:33]} {[%emt
00:00:28]} 2. Bf4 {[%clk 01:31:13]} {[%emt 00:00:10]} Nf6 {[%clk 01:29:53]}
{[%emt 00:01:11]} 3. e3 {[%clk 01:31:37]} {[%emt 00:00:06]} e6 {[%clk
01:30:03]} {[%emt 00:00:21]} 4. Nf3 {[%clk 01:32:00]} {[%emt 00:00:07]} c5
{[%clk 01:29:43]} {[%emt 00:00:50]} 5. c3 {[%clk 01:32:21]} {[%emt 00:00:09]}
Nc6 {[%clk 01:30:05]} {[%emt 00:00:07]} 6. Nbd2 {[%clk 01:31:02]} {[%emt
00:01:49]} cxd4 {[%clk 01:29:29]} {[%emt 00:01:07]} 7. exd4 {[%clk 01:30:43]}
{[%emt 00:00:48]} Nh5 {[%clk 01:29:49]} {[%emt 00:00:10]} 8. Be3 {[%clk
01:16:54]} {[%emt 00:14:19]} Bd6 {[%clk 01:27:58]} {[%emt 00:02:22]} 9. Ne5
{[%clk 01:16:47]} {[%emt 00:00:37]} g6 {[%clk 01:26:56]} {[%emt 00:01:32]} 10.
Bb5 {[%clk 01:11:31]} {[%emt 00:05:45]} Qc7 {[%clk 01:25:08]} {[%emt 00:02:19]}
11. Qa4 {[%clk 01:04:03]} {[%emt 00:07:58]} Bd7 {[%clk 01:16:54]} {[%emt
00:08:44]} 12. Nxd7 {[%clk 01:04:04]} {[%emt 00:00:28]} Qxd7 {[%clk 01:17:21]}
{[%emt 00:00:04]} 13. c4 {[%clk 00:55:47]} {[%emt 00:08:47]} Rc8 {[%clk
01:05:44]} {[%emt 00:12:06]} 14. c5 {[%clk 00:52:44]} {[%emt 00:03:34]} Bb8
{[%clk 01:02:09]} {[%emt 00:04:04]} 15. g3 {[%clk 00:39:01]} {[%emt 00:14:15]}
f6 {[%clk 01:00:01]} {[%emt 00:02:38]} 16. f4 {[%clk 00:24:55]} {[%emt
00:14:36]} O-O {[%clk 00:44:14]} {[%emt 00:16:18]} 17. Be2 {[%clk 00:20:28]}
{[%emt 00:04:56]} Ng7 {[%clk 00:44:10]} {[%emt 00:00:34]} 18. O-O {[%clk
00:20:16]} {[%emt 00:00:42]} Nf5 {[%clk 00:38:54]} {[%emt 00:05:46]} 19. Bf2
{[%clk 00:19:28]} {[%emt 00:01:18]} e5 {[%clk 00:38:10]} {[%emt 00:01:14]} 20.
g4 {[%clk 00:10:49]} {[%emt 00:09:09]} Nfxd4 {[%clk 00:31:12]} {[%emt
00:07:28]} 21. Bxd4 {[%clk 00:11:11]} {[%emt 00:00:08]} exd4 {[%clk 00:31:39]}
{[%emt 00:00:03]} 22. Nb3 {[%clk 00:11:27]} {[%emt 00:00:14]} Rce8 {[%clk
00:24:06]} {[%emt 00:08:03]} 23. Rae1 {[%clk 00:10:56]} {[%emt 00:01:00]} Re4
{[%clk 00:23:57]} {[%emt 00:00:40]} 24. Bd1 {[%clk 00:08:40]} {[%emt 00:02:45]}
Rfe8 {[%clk 00:20:07]} {[%emt 00:04:22]} 25. Rxe4 {[%clk 00:08:59]} {[%emt
00:00:10]} Rxe4 {[%clk 00:20:16]} {[%emt 00:00:21]} 26. Nd2 {[%clk 00:04:29]}
{[%emt 00:05:00]} Rxf4 {[%clk 00:19:26]} {[%emt 00:01:20]} 27. Rxf4 {[%clk
00:04:53]} {[%emt 00:00:06]} Bxf4 {[%clk 00:19:50]} {[%emt 00:00:06]} 28. Nf1
{[%clk 00:05:20]} {[%emt 00:00:03]} Qe7 {[%clk 00:15:54]} {[%emt 00:04:26]} 29.
Bf3 {[%clk 00:05:05]} {[%emt 00:00:43]} Qxc5 {[%clk 00:11:52]} {[%emt
00:04:35]} 30. Kg2 {[%clk 00:03:22]} {[%emt 00:02:13]} d3 {[%clk 00:10:30]}
{[%emt 00:01:52]} 31. Qxf4 {[%clk 00:03:46]} {[%emt 00:00:05]} 1-0